[Event "SR 2. liga A 2010/2011"]
[Site "?"]
[Date "2010.12.04"]
[Round "18.6"]
[White "Goga, Frantisek"]
[Black "Puchart, Vladimir"]
[Result "1-0"]
[WhiteElo "1912"]
[BlackElo "2064"]
[PlyCount "97"]
[EventDate "2010.??.??"]
[WhiteTeam "Slovakia"]
[BlackTeam "II"]
[WhiteTeamCountry "SVK"]
[BlackTeamCountry "SVK"]

1. e4 c5 2. Nf3 d6 3. d4 cxd4 4. Nxd4 Nf6 5. Nc3 a6 6. Be2 e5 7. Nf3 h6 8. O-O
Be7 9. h3 O-O 10. Be3 Be6 11. Qd2 Re8 12. Rad1 Nbd7 13. Qc1 Rc8 14. Ne1 Rxc3
15. bxc3 Nxe4 16. Qb2 Qc7 17. c4 f5 18. Rb1 f4 19. Bc1 Rb8 20. Nf3 b5 21. Qa3
bxc4 22. Rxb8+ Nxb8 23. Nd2 d5 24. Qf3 Nf6 25. Nb1 Nc6 26. c3 Bd6 27. Bd1 Bf5
28. Na3 Bd3 29. Bc2 e4 30. Qd1 Bxf1 31. Kxf1 Qe7 32. Ba4 Ne5 33. Nc2 f3 34. g3
Qe6 35. g4 Nexg4 36. hxg4 Qxg4 37. Ne3 Qh4 38. Ke1 Bc5 39. Bc6 Ng4 40. Qxd5+
Kh8 41. Nxg4 Qh1+ 42. Kd2 e3+ 43. Kc2 e2 44. Qd8+ Kh7 45. Be4+ g6 46. Qd7+ Kh8
47. Qe8+ Kg7 48. Qxg6+ Kf8 49. Qf6+ 1-0

[Event "SR 2. liga A 2010/2011"]
[Site "?"]
[Date "2010.12.04"]
[Round "18.7"]
[White "Mosny, Jaroslav"]
[Black "Jelenciak, Jozef"]
[Result "1/2-1/2"]
[WhiteElo "1982"]
[BlackElo "1934"]
[PlyCount "42"]
[EventDate "2010.??.??"]
[WhiteTeam "Slovakia"]
[BlackTeam "II"]
[WhiteTeamCountry "SVK"]
[BlackTeamCountry "SVK"]

1. d4 f5 2. g3 c6 3. Bg2 Nf6 4. Nf3 d5 5. O-O e6 6. Nbd2 Be7 7. c4 O-O 8. Ne5
Bd7 9. Ndf3 Be8 10. Qc2 h6 11. c5 Nbd7 12. b4 a6 13. a4 Bh5 14. Nxd7 Nxd7 15.
Ne5 Nxe5 16. dxe5 g5 17. f4 gxf4 18. Bxf4 Bg5 19. Qd2 Bxf4 20. Qxf4 Qg5 21. e3
Be2 1/2-1/2

[Event "SR 2. liga A 2010/2011"]
[Site "?"]
[Date "2010.12.04"]
[Round "18.8"]
[White "Henc, Marian"]
[Black "Krist, Milan"]
[Result "1/2-1/2"]
[WhiteElo "1909"]
[BlackElo "2004"]
[PlyCount "45"]
[EventDate "2010.??.??"]
[WhiteTeam "Slovakia"]
[BlackTeam "II"]
[WhiteTeamCountry "SVK"]
[BlackTeamCountry "SVK"]

1. c4 e6 2. Nf3 Nf6 3. g3 d5 4. cxd5 exd5 5. Bg2 c6 6. d3 Be7 7. O-O O-O 8.
Nbd2 Bg4 9. Ne5 Bh5 10. b3 Nbd7 11. Nxd7 Nxd7 12. Bb2 Bf6 13. Bxf6 Nxf6 14. Re1
Re8 15. Nf3 Qb6 16. h3 Re7 17. Qd2 Rd8 18. Qf4 Rde8 19. e3 h6 20. g4 Bg6 21.
Bf1 Qc7 22. Qd4 Qb6 23. Qf4 1/2-1/2

[Event "SR 2. liga A 2010/2011"]
[Site "?"]
[Date "2010.12.05"]
[Round "19.1"]
[White "Bezuch, Martin"]
[Black "Petenyi, Tamas"]
[Result "1/2-1/2"]
[WhiteElo "2198"]
[BlackElo "2378"]
[PlyCount "114"]
[EventDate "2010.??.??"]
[WhiteTeam "Slovakia"]
[BlackTeam "II"]
[WhiteTeamCountry "SVK"]
[BlackTeamCountry "SVK"]

1. e4 e5 2. Nf3 Nc6 3. Bc4 Nf6 4. d3 Be7 5. O-O O-O 6. Re1 d6 7. c3 Kh8 8. Bb3
Ng8 9. d4 exd4 10. Nxd4 Nxd4 11. cxd4 f5 12. Nc3 fxe4 13. Nxe4 d5 14. Ng3 c6
15. Bc2 g6 16. Be3 Bf6 17. Qd2 Qb6 18. h4 Bxh4 19. Bh6 Bd7 20. Bxf8 Rxf8 21. a4
Bf6 22. Ne2 Bg7 23. a5 Qc7 24. a6 b6 25. b4 Nh6 26. f3 Qd6 27. Rad1 Bc8 28. Bd3
Ng8 29. Rb1 Bh6 30. f4 Bg4 31. g3 Bg7 32. Kg2 Nf6 33. Ng1 Ne4 34. Rxe4 dxe4 35.
Bxe4 Re8 36. Bf3 Bc8 37. Rc1 Bxa6 38. Bxc6 Rd8 39. b5 Bxb5 40. Bxb5 Qd5+ 41.
Nf3 Qxb5 42. Rc7 Re8 43. Kf2 a5 44. Ne5 Qd5 45. Qc3 Rd8 46. Ke3 Kg8 47. g4 Bxe5
48. dxe5 Qg2 49. Qc4+ Kh8 50. Qc3 Qg1+ 51. Ke4 Qh1+ 52. Ke3 Qh3+ 53. Ke4 Qg2+
54. Ke3 Kg8 55. Qc4+ Kh8 56. Qc3 Qg3+ 57. Ke4 Qg2+ 1/2-1/2

[Event "SR 2. liga A 2010/2011"]
[Site "?"]
[Date "2010.12.05"]
[Round "19.2"]
[White "Lehocky, Viktor"]
[Black "Machalova, Maria"]
[Result "1-0"]
[WhiteElo "2075"]
[BlackElo "2190"]
[PlyCount "143"]
[EventDate "2010.??.??"]
[WhiteTeam "Slovakia"]
[BlackTeam "II"]
[WhiteTeamCountry "SVK"]
[BlackTeamCountry "SVK"]

1. d4 Nf6 2. Nf3 e6 3. c4 b6 4. g3 Bb7 5. Bg2 Be7 6. O-O d6 7. Nc3 Ne4 8. Qc2
Nxc3 9. bxc3 Nd7 10. e4 O-O 11. Be3 c5 12. d5 exd5 13. cxd5 Bf6 14. Rad1 Re8
15. Rfe1 b5 16. c4 bxc4 17. Qxc4 a5 18. Bd2 a4 19. Qc2 Qc7 20. Bc3 Bxc3 21.
Qxc3 Qa5 22. Qxa5 Rxa5 23. Rb1 Ba6 24. Nd2 c4 25. Rec1 Rc5 26. Rc3 g6 27. f4
Kg7 28. Kf2 f5 29. exf5 gxf5 30. Nf1 Rb5 31. Rxb5 Bxb5 32. Ne3 Kf6 33. a3 Nc5
34. Nxc4 Bxc4 35. Rxc4 Rb8 36. Rc2 Rb3 37. Ra2 Nd3+ 38. Kg1 Rb1+ 39. Bf1 Nc5
40. Kg2 Rd1 41. Bc4 Rc1 42. Bb5 Ne4 43. Bxa4 Nc3 44. Rc2 Rxc2+ 45. Bxc2 Nxd5
46. Kf3 Nb6 47. Bb3 d5 48. Ke3 Ke6 49. Kd4 Kd6 50. a4 Nd7 51. Bxd5 Nf6 52. Bf3
Nd7 53. a5 Nc5 54. Kc4 Na6 55. Kb5 Nc5 56. a6 Nxa6 57. Kxa6 Kc5 58. g4 fxg4 59.
Bxg4 Kd5 60. Bf3+ Ke6 61. Be4 h6 62. Kb6 Kf6 63. Kc6 Ke6 64. Bd3 h5 65. h4 Ke7
66. f5 Kf7 67. Kd5 Kf6 68. Kd6 Kf7 69. Ke5 Kg7 70. Ke6 Kh6 71. Ke7 Kh7 72. f6+
1-0

[Event "SR 2. liga A 2010/2011"]
[Site "?"]
[Date "2010.12.05"]
[Round "19.3"]
[White "Peitl, Tomas"]
[Black "Csiba, Peter"]
[Result "1-0"]
[WhiteElo "2171"]
[BlackElo "2076"]
[PlyCount "41"]
[EventDate "2010.??.??"]
[WhiteTeam "Slovakia"]
[BlackTeam "II"]
[WhiteTeamCountry "SVK"]
[BlackTeamCountry "SVK"]

1. e4 c5 2. Nf3 d6 3. d4 cxd4 4. Nxd4 Nf6 5. Nc3 a6 6. Bg5 e6 7. f4 Be7 8. Qf3
Qc7 9. O-O-O b5 10. Bd3 Nbd7 11. Rhe1 Bb7 12. g4 Nb6 13. Bh4 Nc4 14. g5 Nd7 15.
Qg4 Nc5 16. Bxc4 bxc4 17. f5 e5 18. Nf3 f6 19. Qh5+ Kd7 20. Qf7 Raf8 21. Qxg7
1-0

[Event "SR 2. liga A 2010/2011"]
[Site "?"]
[Date "2010.12.05"]
[Round "19.4"]
[White "Bebiak, Jozef"]
[Black "Oprea, Erik"]
[Result "0-1"]
[WhiteElo "2106"]
[BlackElo "2116"]
[PlyCount "56"]
[EventDate "2010.??.??"]
[WhiteTeam "Slovakia"]
[BlackTeam "II"]
[WhiteTeamCountry "SVK"]
[BlackTeamCountry "SVK"]

1. e4 d6 2. d4 c6 3. Be3 Qc7 4. Nc3 e5 5. dxe5 dxe5 6. Bc4 Nf6 7. f3 Bb4 8.
Nge2 Nbd7 9. O-O Nf8 10. Qe1 Be6 11. Bb3 Bxb3 12. axb3 Ne6 13. Qf2 a6 14. Na2
Be7 15. Nac1 O-O 16. Nd3 c5 17. Qg3 Bd6 18. Nc3 Nd4 19. Rf2 Rfe8 20. Bh6 g6 21.
Bg5 Nh5 22. Qh4 b5 23. Nd5 Qa7 24. g4 c4 25. gxh5 Nxf3+ 26. Kh1 Nxh4 27. Bxh4
cxd3 28. hxg6 fxg6 0-1

[Event "SR 2. liga A 2010/2011"]
[Site "?"]
[Date "2010.12.05"]
[Round "19.5"]
[White "Szollos, Ondrej"]
[Black "Lesny, Stefan"]
[Result "1-0"]
[WhiteElo "2065"]
[BlackElo "2100"]
[PlyCount "57"]
[EventDate "2010.??.??"]
[WhiteTeam "Slovakia"]
[BlackTeam "II"]
[WhiteTeamCountry "SVK"]
[BlackTeamCountry "SVK"]

1. e4 e5 2. d3 Nc6 3. c3 Nf6 4. Bg5 Be7 5. Nf3 d6 6. Be2 h6 7. Bxf6 Bxf6 8.
Nbd2 Ne7 9. Nf1 c6 10. Ne3 O-O 11. Qc2 Be6 12. h4 Ng6 13. g3 Re8 14. Nh2 Nf8
15. Bg4 d5 16. Bxe6 Rxe6 17. Nf5 Ng6 18. Ng4 Ne7 19. Nge3 Nxf5 20. Nxf5 Be7 21.
O-O-O b5 22. d4 dxe4 23. Rhe1 Qa5 24. Kb1 exd4 25. Nxd4 Rf6 26. Qxe4 Rxf2 27.
Nxc6 Rxb2+ 28. Kxb2 Qa3+ 29. Kb1 1-0

[Event "SR 2. liga A 2010/2011"]
[Site "?"]
[Date "2010.12.05"]
[Round "19.6"]
[White "Merva, Frantisek"]
[Black "Hricak, Vasil"]
[Result "1-0"]
[WhiteElo "2038"]
[BlackElo "2051"]
[PlyCount "103"]
[EventDate "2010.??.??"]
[WhiteTeam "Slovakia"]
[BlackTeam "II"]
[WhiteTeamCountry "SVK"]
[BlackTeamCountry "SVK"]

1. d4 d5 2. c4 e5 3. dxe5 d4 4. a3 Nc6 5. Nf3 Bg4 6. Nbd2 Nge7 7. h3 Bxf3 8.
Nxf3 Ng6 9. e3 dxe3 10. Bxe3 Ngxe5 11. Nxe5 Qxd1+ 12. Rxd1 Nxe5 13. Be2 Be7 14.
O-O Bf6 15. b4 O-O 16. f4 Ng6 17. Bf3 Rfe8 18. Kf2 c6 19. Rd7 Re7 20. Rfd1 Nf8
21. Rxe7 Bxe7 22. b5 Bxa3 23. bxc6 bxc6 24. Bxc6 Rc8 25. Bb5 Bc5 26. Bxc5 Rxc5
27. Rd8 g6 28. Ra8 Rc7 29. g4 Kg7 30. f5 gxf5 31. gxf5 Nd7 32. Bxd7 Rxd7 33.
Ke3 Kf6 34. Ke4 Re7+ 35. Kd5 Kxf5 36. c5 Kf4 37. Rg8 f5 38. Kd6 Re3 39. c6 Rxh3
40. c7 Rc3 41. c8=Q Rxc8 42. Rxc8 h5 43. Rc4+ Kg3 44. Ke5 h4 45. Kxf5 h3 46.
Rc3+ Kg2 47. Kg4 h2 48. Rc2+ Kg1 49. Kg3 h1=N+ 50. Kf3 a5 51. Rb2 a4 52. Rc2
1-0

[Event "SR 2. liga A 2010/2011"]
[Site "?"]
[Date "2010.12.05"]
[Round "19.7"]
[White "Prikler, Bruno"]
[Black "Ujhelyi, Matus"]
[Result "1-0"]
[WhiteElo "1962"]
[BlackElo "2006"]
[PlyCount "59"]
[EventDate "2010.??.??"]
[WhiteTeam "Slovakia"]
[BlackTeam "II"]
[WhiteTeamCountry "SVK"]
[BlackTeamCountry "SVK"]

1. g3 Nf6 2. Bg2 g6 3. c4 d6 4. Nc3 Bg7 5. d3 O-O 6. e4 e5 7. Nge2 Nc6 8. O-O
a6 9. f4 exf4 10. gxf4 Nh5 11. Be3 f5 12. Ng3 Nxg3 13. hxg3 fxe4 14. dxe4 Be6
15. Nd5 Qd7 16. c5 Rad8 17. Rc1 Rf7 18. Qa4 dxc5 19. Bxc5 Bxd5 20. exd5 Nd4 21.
Qc4 Qb5 22. Bxd4 Qxc4 23. Rxc4 b5 24. Bxg7 bxc4 25. Be5 Rc8 26. Rc1 g5 27. Rxc4
gxf4 28. gxf4 Rb8 29. b3 Rb7 30. d6 1-0

[Event "SR 2. liga A 2010/2011"]
[Site "?"]
[Date "2010.12.05"]
[Round "19.8"]
[White "Takacs, Laszlo"]
[Black "Jurcak, Marian"]
[Result "0-1"]
[WhiteElo "1921"]
[BlackElo "1953"]
[PlyCount "126"]
[EventDate "2010.??.??"]
[WhiteTeam "Slovakia"]
[BlackTeam "II"]
[WhiteTeamCountry "SVK"]
[BlackTeamCountry "SVK"]

1. e4 e5 2. Nf3 Nc6 3. Bb5 a6 4. Ba4 Nf6 5. O-O Be7 6. Re1 b5 7. Bb3 d6 8. c3
O-O 9. h3 Nb8 10. d4 Nbd7 11. Nbd2 Bb7 12. Bc2 Re8 13. Nf1 Bf8 14. Ng3 g6 15.
Bg5 h6 16. Bd2 c5 17. d5 c4 18. Be3 a5 19. Qd2 Kh7 20. Nh2 Rc8 21. a4 Ba6 22.
axb5 Bxb5 23. Qe2 Nc5 24. Ng4 Nxg4 25. Qxg4 Bd7 26. Qe2 Nb3 27. Rad1 Bg7 28.
Rf1 Rf8 29. Bxb3 cxb3 30. Qa6 a4 31. Qxd6 Bb5 32. Qxd8 Rfxd8 33. Rfe1 Bf8 34.
Ra1 Ra8 35. Nf1 Bd3 36. Nd2 Bc2 37. f3 a3 38. Nc4 axb2 39. Nxb2 Ba3 40. Nc4 Bf8
41. Rac1 f6 42. Red1 Bxd1 43. Rxd1 Rac8 44. Na5 Rxc3 45. Bd2 Rd3 46. Kf2 b2 47.
Ke2 Ra3 48. Nc4 Rb3 49. Rb1 Rc8 50. Rxb2 Rxb2 51. Nxb2 Rc2 52. Nd3 Kg7 53. Ke3
Kf7 54. Ne1 Ra2 55. Nd3 h5 56. g3 h4 57. Nc1 Bh6+ 58. f4 exf4+ 59. gxf4 Ra3+
60. Nd3 Bxf4+ 61. Kxf4 Rxd3 62. Be1 g5+ 63. Kg4 Re3 0-1

[Event "SR 2. liga A 2010/2011"]
[Site "?"]
[Date "2010.12.05"]
[Round "20.1"]
[White "Klemanic, Emil"]
[Black "Pagerka, Martin"]
[Result "1/2-1/2"]
[WhiteElo "2257"]
[BlackElo "2263"]
[PlyCount "89"]
[EventDate "2010.??.??"]
[WhiteTeam "Slovakia"]
[BlackTeam "II"]
[WhiteTeamCountry "SVK"]
[BlackTeamCountry "SVK"]

1. e4 e5 2. Nc3 Nf6 3. f4 d5 4. fxe5 Nxe4 5. Nf3 Be7 6. d3 Nxc3 7. bxc3 c5 8.
Be2 d4 9. c4 Bh4+ 10. g3 Be7 11. O-O Nc6 12. Rb1 h6 13. e6 Bxe6 14. Rxb7 Rb8
15. Rb3 O-O 16. Bf4 Bd6 17. Qd2 Re8 18. Bxd6 Qxd6 19. Nh4 Rxb3 20. cxb3 Bh3 21.
Re1 Ne5 22. Bf1 Bg4 23. h3 Bd7 24. Qf2 Bc6 25. Be2 g6 26. Rf1 Kg7 27. Ng2 g5
28. Bh5 Re7 29. Ne1 Bb7 30. Kh2 Qe6 31. b4 Bc8 32. g4 Qd6 33. Kg1 Bb7 34. bxc5
Qc6 35. Kh2 f6 36. h4 gxh4 37. Kh3 Nxd3 38. Qf5 Re3+ 39. Kxh4 Ne5 40. a4 a5 41.
Qf4 Rxe1 42. Rxe1 Nf3+ 43. Qxf3 Qxf3 44. Re7+ Kf8 45. Re8+ 1/2-1/2

[Event "SR 2. liga A 2010/2011"]
[Site "?"]
[Date "2010.12.05"]
[Round "20.2"]
[White "Cajka, Tibor"]
[Black "Frindt, Kornel"]
[Result "0-1"]
[WhiteElo "2111"]
[BlackElo "2210"]
[PlyCount "110"]
[EventDate "2010.??.??"]
[WhiteTeam "Slovakia"]
[BlackTeam "II"]
[WhiteTeamCountry "SVK"]
[BlackTeamCountry "SVK"]

1. e4 c5 2. Nf3 Nc6 3. d4 cxd4 4. Nxd4 Nf6 5. Nc3 e5 6. Ndb5 d6 7. Bg5 a6 8.
Na3 b5 9. Nd5 Be7 10. Bxf6 Bxf6 11. c3 Bg5 12. Nc2 O-O 13. Be2 Ne7 14. Ncb4 Be6
15. Nxe7+ Qxe7 16. Nd5 Qb7 17. O-O Bxd5 18. Qxd5 Qxd5 19. exd5 f5 20. a4 bxa4
21. Rxa4 a5 22. Rfa1 Rab8 23. b4 axb4 24. cxb4 Rfc8 25. b5 Bd8 26. g4 g6 27.
gxf5 gxf5 28. Ra7 Bb6 29. Rd7 Rc2 30. Ra3 Rxe2 31. Rg3+ Kh8 32. Rgg7 Rg8 33.
Rxg8+ Kxg8 34. Rxd6 Bxf2+ 35. Kf1 Rb2 36. Re6 e4 37. d6 Bh4 38. Re5 e3 39. Rxe3
Rxb5 40. Rd3 Kf7 41. d7 Bd8 42. Rh3 Kg6 43. Rg3+ Kf7 44. Rh3 Rd5 45. Rxh7+ Kg6
46. Rh8 Rxd7 47. Rg8+ Kf6 48. Ke2 Bb6 49. Rh8 Kg5 50. h4+ Kg4 51. h5 Re7+ 52.
Kd1 Bd4 53. Rf8 Rh7 54. Rd8 Bf6 55. Rf8 Bg5 0-1

[Event "SR 2. liga A 2010/2011"]
[Site "?"]
[Date "2010.12.05"]
[Round "20.3"]
[White "Janos, Ivan"]
[Black "Bury, Rastislav"]
[Result "1-0"]
[WhiteElo "2163"]
[BlackElo "2187"]
[PlyCount "31"]
[EventDate "2010.??.??"]
[WhiteTeam "Slovakia"]
[BlackTeam "II"]
[WhiteTeamCountry "SVK"]
[BlackTeamCountry "SVK"]

1. e4 c5 2. Nf3 d6 3. d4 cxd4 4. Nxd4 Nf6 5. Nc3 a6 6. Bg5 e6 7. f4 Be7 8. Qf3
Qc7 9. O-O-O Nbd7 10. Qg3 b5 11. Bxb5 axb5 12. Ndxb5 Qc5 13. e5 Nh5 14. Qf3
Bxg5 15. Nxd6+ Ke7 16. fxg5 1-0

[Event "SR 2. liga A 2010/2011"]
[Site "?"]
[Date "2010.12.05"]
[Round "20.4"]
[White "Polasek, Filip"]
[Black "Hartl, Jan"]
[Result "0-1"]
[WhiteElo "2113"]
[BlackElo "2118"]
[PlyCount "66"]
[EventDate "2010.??.??"]
[WhiteTeam "Slovakia"]
[BlackTeam "II"]
[WhiteTeamCountry "SVK"]
[BlackTeamCountry "SVK"]

1. e4 e5 2. Nf3 Nc6 3. Nc3 Nf6 4. Bb5 Bc5 5. O-O Nd4 6. Nxe5 c6 7. Be2 O-O 8.
Nf3 Re8 9. Nxd4 Bxd4 10. d3 h6 11. Kh1 b5 12. Be3 Bxe3 13. fxe3 b4 14. Na4 d5
15. Qd2 Qa5 16. b3 dxe4 17. d4 Qg5 18. Bc4 Be6 19. Bxe6 fxe6 20. Nc5 Rad8 21.
Rad1 a5 22. Rf4 Qg6 23. Qe2 Rd5 24. Rdf1 e5 25. dxe5 Rexe5 26. Qc4 Kh7 27. Na6
Rd2 28. R4f2 Red5 29. Nc5 Rxf2 30. Rxf2 Ng4 31. Nxe4 Rd1+ 32. Rf1 Rxf1+ 33.
Qxf1 Qxe4 0-1

[Event "SR 2. liga A 2010/2011"]
[Site "?"]
[Date "2010.12.05"]
[Round "20.5"]
[White "Michal, Silvio"]
[Black "Pericka, Tomas"]
[Result "1-0"]
[WhiteElo "2094"]
[BlackElo "1966"]
[PlyCount "77"]
[EventDate "2010.??.??"]
[WhiteTeam "Slovakia"]
[BlackTeam "II"]
[WhiteTeamCountry "SVK"]
[BlackTeamCountry "SVK"]

1. d4 Nf6 2. c4 e6 3. Nc3 Bb4 4. a3 Bxc3+ 5. bxc3 Ne4 6. Qc2 d5 7. Bf4 g5 8.
Be5 f6 9. Bg3 c5 10. Bxb8 Rxb8 11. f3 Nd6 12. cxd5 cxd4 13. Qa4+ Bd7 14. Qxd4
Nb5 15. Qb4 exd5 16. a4 a5 17. Qb3 Nc7 18. e4 Qe7 19. Bd3 dxe4 20. fxe4 Be6 21.
Bc4 O-O 22. Ne2 b5 23. Bxe6+ Qxe6 24. Qxe6+ Nxe6 25. O-O Nc5 26. axb5 Rxb5 27.
Nd4 Rb2 28. Rxa5 Nxe4 29. Ra7 Nxc3 30. h4 g4 31. Kh2 Ne4 32. Nf5 h5 33. Nh6+
Kh8 34. Nf7+ Kg7 35. Nd6+ Kg6 36. Nxe4 f5 37. Ra6+ Kg7 38. Ng5 Re2 39. Ne6+ 1-0

[Event "SR 2. liga A 2010/2011"]
[Site "?"]
[Date "2010.12.05"]
[Round "20.6"]
[White "Jozefek, Michal"]
[Black "Kimerling, Martin"]
[Result "1/2-1/2"]
[WhiteElo "1899"]
[BlackElo "1920"]
[PlyCount "135"]
[EventDate "2010.??.??"]
[WhiteTeam "Slovakia"]
[BlackTeam "II"]
[WhiteTeamCountry "SVK"]
[BlackTeamCountry "SVK"]

1. d4 Nf6 2. c4 c5 3. d5 b5 4. cxb5 a6 5. bxa6 Bxa6 6. Nc3 g6 7. e4 Bxf1 8.
Kxf1 d6 9. Nf3 Nbd7 10. g3 Bg7 11. Kg2 O-O 12. Qc2 Qa5 13. Bd2 Rfb8 14. Rhe1
Ng4 15. a4 Qb4 16. Rab1 c4 17. h3 Nge5 18. Nd4 Nd3 19. Nc6 Nxe1+ 20. Bxe1 Qb3
21. Qxb3 Rxb3 22. a5 Kf8 23. Na4 Nc5 24. Nb6 Ra6 25. Nxc4 Nxe4 26. Nb6 Nc5 27.
Nb8 Ra7 28. Nc6 Rb7 29. Bb4 Na6 30. Ba3 Nc5 31. Ra1 Bxb2 32. Bxb2 Rxb2 33. a6
Nxa6 34. Nc4 R2b5 35. Rxa6 Rxd5 36. Ne3 Rd2 37. Ra8+ Kg7 38. Ra1 Rbb2 39. Rf1
Re2 40. Kf3 e5 41. Na5 f5 42. g4 e4+ 43. Kg3 Rb5 44. Nc6 Rd2 45. gxf5 gxf5 46.
Kf4 Kf6 47. f3 exf3 48. Rxf3 Rc5 49. Nb8 Ke6 50. Rf1 Rb2 51. Na6 Rc6 52. Re1
Kd7 53. Nxf5 Rxa6 54. Re7+ Kc6 55. Rxh7 Rf2+ 56. Kg5 Ra8 57. Rg7 Rf8 58. Ne7+
Kc5 59. h4 d5 60. Ng6 R8f3 61. Ra7 Rg3+ 62. Kh6 d4 63. Ne5 Re2 64. Ra5+ Kb4 65.
Nc6+ Kc4 66. Ra4+ Kb5 67. Nxd4+ Kxa4 68. Nxe2 1/2-1/2

[Event "SR 2. liga A 2010/2011"]
[Site "?"]
[Date "2010.12.05"]
[Round "20.7"]
[White "Syrovy, Ivan"]
[Black "Diviak, Rastislav"]
[Result "1/2-1/2"]
[WhiteElo "2071"]
[BlackElo "2014"]
[PlyCount "97"]
[EventDate "2010.??.??"]
[WhiteTeam "Slovakia"]
[BlackTeam "II"]
[WhiteTeamCountry "SVK"]
[BlackTeamCountry "SVK"]

1. e4 c5 2. Nf3 d6 3. d4 cxd4 4. Nxd4 Nf6 5. Nc3 a6 6. Be2 e6 7. a4 Nc6 8. O-O
Be7 9. Kh1 O-O 10. f4 Qc7 11. Be3 Bd7 12. Qe1 Nxd4 13. Bxd4 Bc6 14. Qg3 g6 15.
Bd3 Nd7 16. f5 Bf6 17. Bxf6 Nxf6 18. Qg5 Qe7 19. h4 Kg7 20. Rae1 Rae8 21. fxe6
Qxe6 22. Rf2 Qe5 23. Rf5 Qxf5 24. exf5 Rxe1+ 25. Kh2 Rfe8 26. fxg6 hxg6 27. b4
R8e3 28. b5 Bd7 29. g3 Bg4 30. Nd5 Nxd5 31. Qxg4 Nf6 32. Qd4 axb5 33. axb5 Re5
34. Qxd6 Ng4+ 35. Kh3 Nf2+ 36. Kg2 Nxd3 37. Qxd3 Rb1 38. c4 Rb2+ 39. Kh3 Rbe2
40. c5 R2e3 41. Qd6 Re6 42. Qd4+ Kh7 43. Qd5 Re7 44. h5 R3e5 45. hxg6+ fxg6 46.
Qd4 Rh5+ 47. Kg2 Rc7 48. c6 Rxb5 49. cxb7 1/2-1/2

[Event "SR 2. liga A 2010/2011"]
[Site "?"]
[Date "2010.12.05"]
[Round "20.8"]
[White "Hanzluvka, Peter"]
[Black "Srna, Jan"]
[Result "0-1"]
[WhiteElo "1961"]
[BlackElo "2047"]
[PlyCount "90"]
[EventDate "2010.??.??"]
[WhiteTeam "Slovakia"]
[BlackTeam "II"]
[WhiteTeamCountry "SVK"]
[BlackTeamCountry "SVK"]

1. e4 e6 2. d4 d5 3. e5 c5 4. c3 Qb6 5. Nf3 Nc6 6. Be2 cxd4 7. cxd4 Nge7 8. Na3
Nf5 9. Nc2 Bb4+ 10. Kf1 Be7 11. g3 Bd7 12. a3 Na5 13. Nb4 Bb5 14. Bxb5+ Qxb5+
15. Kg2 Rc8 16. Bd2 Nc4 17. Qf1 Qb6 18. Rc1 O-O 19. Qe2 Nxd4 20. Nxd4 Qxd4 21.
Bc3 Qb6 22. Rhd1 a5 23. Bd4 Bc5 24. Bxc5 Rxc5 25. Nd3 Rc6 26. b4 Rfc8 27. Qg4
Nxa3 28. Rxc6 Qxc6 29. Rc1 Nc4 30. bxa5 Ra8 31. Kh3 Qd7 32. Nc5 Qe7 33. Qd4 h6
34. f4 Rxa5 35. Ne4 Kh8 36. Rc3 b5 37. Nd2 Qa7 38. Qd3 Qf2 39. Rc2 Qb6 40. Nf3
Ra3 41. Rc3 b4 42. Rb3 Qf2 43. Qb1 Rxb3 44. Qxb3 Ne3 45. Nh4 Qf1+ 0-1

[Event "SR 2. liga A 2010/2011"]
[Site "?"]
[Date "2010.12.05"]
[Round "21.1"]
[White "Pinter, Erik"]
[Black "Machalova, Veronika"]
[Result "1-0"]
[WhiteElo "2379"]
[BlackElo "2229"]
[PlyCount "119"]
[EventDate "2010.??.??"]
[WhiteTeam "Slovakia"]
[BlackTeam "II"]
[WhiteTeamCountry "SVK"]
[BlackTeamCountry "SVK"]

1. e4 c5 2. Ne2 d6 3. g3 Nc6 4. Bg2 g6 5. O-O Bg7 6. c3 e5 7. Na3 Be6 8. Nc2 d5
9. d3 Nge7 10. Be3 d4 11. Bg5 h6 12. Bd2 O-O 13. c4 Qd7 14. b4 cxb4 15. Nxb4
Nxb4 16. Bxb4 Rfc8 17. a4 Nc6 18. Bd2 f5 19. Rb1 Rab8 20. f4 fxe4 21. Bxe4 Bf5
22. Bxf5 Qxf5 23. Qc2 Qg4 24. Rbe1 Re8 25. Kg2 exf4 26. Bxf4 Rbd8 27. h3 Qd7
28. g4 g5 29. Bc1 Be5 30. Ng3 Bxg3 31. Kxg3 Rxe1 32. Rxe1 Re8 33. Qd2 Rxe1 34.
Qxe1 Qd6+ 35. Kg2 Qe5 36. Qxe5 Nxe5 37. Bb2 Nxd3 38. Bxd4 a6 39. Kf3 Kf7 40.
Ke4 Nb4 41. Bc3 Nc6 42. Kd5 Nd8 43. Kc5 Ke7 44. Kb6 Kd7 45. Bg7 Ne6 46. Bxh6
Kc8 47. a5 Kb8 48. c5 Nf4 49. c6 bxc6 50. Bxg5 Nxh3 51. Be3 c5 52. Kxc5 Kc7 53.
Kd5 Kd7 54. Ke4 Ke6 55. Kf3 Kf6 56. Kg3 Ng5 57. Bxg5+ Kxg5 58. Kf3 Kg6 59. Ke4
Kg5 60. Kd5 1-0

[Event "SR 2. liga A 2010/2011"]
[Site "?"]
[Date "2010.12.05"]
[Round "21.2"]
[White "Dugovic, Branislav"]
[Black "Kovac, Andrej"]
[Result "1-0"]
[WhiteElo "2152"]
[BlackElo "2132"]
[PlyCount "59"]
[EventDate "2010.??.??"]
[WhiteTeam "Slovakia"]
[BlackTeam "II"]
[WhiteTeamCountry "SVK"]
[BlackTeamCountry "SVK"]

1. Nf3 Nf6 2. b3 d5 3. Bb2 e6 4. e3 Bd6 5. d4 O-O 6. Nbd2 b6 7. Bd3 Bb7 8. O-O
Nbd7 9. Ne5 Ne4 10. f3 Nxd2 11. Qxd2 Qh4 12. f4 Nf6 13. Rf3 Ne4 14. Qe2 Qe7 15.
Rh3 f6 16. Bxe4 dxe4 17. Qh5 fxe5 18. Qxh7+ Kf7 19. fxe5 Ba3 20. Rg3 Ke8 21.
Rxg7 Qxg7 22. Qxg7 Bxb2 23. Rb1 Ba3 24. Qxc7 Rf7 25. Qc4 Ke7 26. Qa4 Bb2 27.
Rxb2 Raf8 28. Rb1 a5 29. Qa3+ Ke8 30. Qd6 1-0

[Event "SR 2. liga A 2010/2011"]
[Site "?"]
[Date "2010.12.05"]
[Round "21.3"]
[White "Hrivnak, Martin"]
[Black "Skara, Vladimir"]
[Result "1-0"]
[WhiteElo "2143"]
[BlackElo "2161"]
[PlyCount "81"]
[EventDate "2010.??.??"]
[WhiteTeam "Slovakia"]
[BlackTeam "II"]
[WhiteTeamCountry "SVK"]
[BlackTeamCountry "SVK"]

1. Nf3 Nf6 2. d4 e6 3. g3 c5 4. Bg2 Nc6 5. O-O Be7 6. c4 cxd4 7. Nxd4 O-O 8. b3
d5 9. Bb2 Bd7 10. Nd2 Nxd4 11. Bxd4 Bc6 12. cxd5 exd5 13. Qc2 Ne8 14. Nf3 Bf6
15. Rfd1 Rc8 16. Qb2 h6 17. Rac1 Bxd4 18. Nxd4 Qf6 19. Qa3 Nd6 20. Nxc6 bxc6
21. Qxa7 Ra8 22. Qd4 Qxd4 23. Rxd4 Nb5 24. Rd2 Ra6 25. a4 Na7 26. e4 dxe4 27.
Bxe4 Re8 28. Rc4 Rb6 29. Bc2 Nc8 30. Kf1 Kf8 31. b4 Ne7 32. a5 Rb7 33. Be4 f5
34. Bf3 Reb8 35. Rdd4 Kf7 36. Ke2 g6 37. Kd3 Nd5 38. Rxd5 Rxb4 39. Rxb4 Rxb4
40. Rc5 Rb3+ 41. Rc3 1-0

[Event "SR 2. liga A 2010/2011"]
[Site "?"]
[Date "2010.12.05"]
[Round "21.4"]
[White "Mydlarik, Martin"]
[Black "Grich, Juraj"]
[Result "0-1"]
[WhiteElo "2136"]
[BlackElo "2027"]
[PlyCount "136"]
[EventDate "2010.??.??"]
[WhiteTeam "Slovakia"]
[BlackTeam "II"]
[WhiteTeamCountry "SVK"]
[BlackTeamCountry "SVK"]

1. e4 e6 2. d4 d5 3. Nd2 dxe4 4. Nxe4 Nd7 5. Nf3 Ngf6 6. Nxf6+ Nxf6 7. Bd3 c5
8. O-O Be7 9. dxc5 Bxc5 10. Ne5 O-O 11. Bg5 Qc7 12. Bxf6 gxf6 13. Qh5 f5 14.
Qg5+ Kh8 15. Qf6+ Kg8 16. Rae1 Qe7 17. Qh6 f6 18. Nf3 Qg7 19. Qxg7+ Kxg7 20.
Bc4 Re8 21. Rd1 Re7 22. Rfe1 a6 23. c3 Bd7 24. Nd4 Rae8 25. b4 Ba7 26. Bb3 e5
27. Nc2 f4 28. Bd5 Bg4 29. Rc1 e4 30. h3 Bc8 31. c4 f5 32. Kf1 Kf6 33. Ke2 Bb8
34. Red1 Rg7 35. Rg1 Be5 36. a4 Rd8 37. b5 axb5 38. axb5 Bc3 39. Rb1 Be6 40.
Rb3 Ba5 41. Ra1 Bb6 42. Bxe6 Kxe6 43. Ne1 Rc7 44. Rc1 Rd4 45. Rbc3 Kd6 46. R3c2
Kc5 47. f3 Rcd7 48. fxe4 fxe4 49. Ra1 Rxc4 50. Rxc4+ Kxc4 51. Ra4+ Kd5 52. Ra8
Re7 53. Rf8 f3+ 54. gxf3 exf3+ 55. Kf1 f2 56. Nd3 Kc4 57. Nxf2 Bxf2 58. Kxf2
Kxb5 59. h4 Ka5 60. Ra8+ Kb4 61. Kf3 b5 62. h5 Kc3 63. Kf4 b4 64. Rg8 b3 65. h6
b2 66. Rg7 b1=Q 67. Rxe7 Qc1+ 68. Kf5 Qxh6 0-1